Top 20 Girls' Names in New Zealand in 2017 - Statistics

General Stats
  • This quiz has been taken 88 times
  • The average score is 14 of 20
Answer Stats
rank 1st letter name % Correct
4 O Olivia
92%
1 C Charlotte
89%
11 I Isabella
86%
17 Z Zoe
85%
18 E Emma
84%
16 C Chloe
80%
10 E Emily
80%
5 A Ava
74%
6 A Amelia
73%
12 E Ella
72%
15 L Lily
70%
7 M Mia
70%
9 S Sophie
70%
19 G Grace
68%
3 I Isla
66%
13 L Lucy
65%
2 H Harper
61%
14 R Ruby
49%
20 A Aria
46%
8 M Mila
34%
No matching quizzes found
Score Distribution
Percent of People with Each Score
Percentile by Number Answered
Your Score History
You have not taken this quiz